Caro Maestro, Caro Simenon : lettere 1938-1950 /
I tiakina i:
| Ngā kaituhi matua: | , |
|---|---|
| Ētahi atu kaituhi: | |
| Hōputu: | Pukapuka |
| Reo: | Itāriana |
| I whakaputaina: |
Milano :
Archinto,
\1989!
|
| Rangatū: | Lettere
|
| Ngā marau: | |
| Ngā Tūtohu: |
Kāore He Tūtohu, Me noho koe te mea tuatahi ki te tūtohu i tēnei pūkete!
|
MARC
| LEADER | 00000nam a2200000 i 4500 | ||
|---|---|---|---|
| 001 | IT\ICCU\RAV\0048971 | ||
| 003 | ItRI | ||
| 005 | 20260217100756.0 | ||
| 008 | 890610s1989 it |||||| ||||| |||||c | ||
| 020 | |a 887768013X | ||
| 040 | |b ita |c ct | ||
| 041 | 7 | |a ita |2 ISO-639-2 | |
| 082 | |a 846.912 |2 19 | ||
| 100 | 1 | |a Gide, André |0 IT\ICCU\CFIV\013440 |4 aut | |
| 240 | 1 | 0 | |a Correspondance André Gide-Georges Simenon. |9 Gide, André |
| 245 | 1 | 0 | |a Caro Maestro, Caro Simenon : |b lettere 1938-1950 / |c André Gide, Georges Simenon ; prefazione di Marco Vallora. |
| 260 | |a Milano : |b Archinto, |c \1989! | ||
| 300 | |a XXX, 88 p. : |b 2 ritr. ; |c 21 cm | ||
| 650 | 7 | |a Gide, Andre |x Lettere e carteggi |x 1938-1950 |2 scbi | |
| 650 | 7 | |a Simenon, Georges |x Lettere e carteggi |x 1938-1950 |2 scbi | |
| 650 | 7 | |a Gide, Andre |x Lettere e carteggi |x Lettere a Georges Simenon |x 1938-1950 |2 scbi | |
| 650 | 7 | |a Simenon, Georges |x Lettere e carteggi |x Lettere a Andre Gide |x 1938-1950 |2 scbi | |
| 700 | 1 | |a Simenon, Georges |0 IT\ICCU\CFIV\059572 |4 aut | |
| 700 | 1 | |a Vallora, Marco |0 IT\ICCU\RAVV\002770 | |
| 830 | 0 | |a Lettere |0 IT\ICCU\RAV\0052172 | |
| 942 | |2 ddc |c BK | ||
| 952 | |0 0 |1 0 |2 ddc |4 0 |6 B_LDV02GIDANCAR11 |7 0 |9 8564 |a MI |b MI |d 1997-09-30 |i 4285 |l 0 |o B-LDV02-GIDAN-CAR11 |p CDOM4285 |r 2025-07-17 21:50:00 |w 2025-07-17 |x DONO DEL COMUNE DI MILANO |y BK | ||
| 952 | |0 0 |1 0 |2 ddc |4 0 |6 LDV_02GIDANCAR13 |7 0 |9 8565 |a MI |b MI |d 2009-09-21 |i 5683 |l 0 |o LDV02-GIDAN-CAR13 |p CDOM5683 |r 2025-07-17 21:50:00 |w 2025-07-17 |x DONO DEL COMUNE DI MILANO |y BK | ||
| 952 | |0 0 |1 0 |2 ddc |4 0 |6 B_LDV02GIDANCAR12 |7 0 |9 8566 |a MI |b MI |d 2010-04-21 |i 5190 |l 0 |o B-LDV02-GIDAN-CAR12 |p CDOM5190 |r 2025-07-17 21:50:00 |w 2025-07-17 |x ACQUISTO |y BK | ||
| 952 | |0 0 |1 0 |2 ddc |4 0 |6 B_LDV02GIDANCAR14 |7 0 |9 8567 |a MI |b MI |d 2012-02-06 |i 5191 |l 0 |o B-LDV02-GIDAN-CAR14 |p CDOM5191 |r 2025-07-17 21:50:00 |w 2025-07-17 |x ACQUISTO |y BK | ||
| 952 | |0 0 |1 0 |2 ddc |4 0 |6 LDV_02GIDANCAR14 |7 0 |9 8568 |a MI |b MI |d 2012-02-06 |i 3599 |l 0 |o LDV02-GIDAN-CAR14 |p CDOM3599 |r 2025-07-17 21:50:00 |w 2025-07-17 |x DONO DEL COMUNE DI MILANO |y BK | ||
| 952 | |0 0 |1 0 |2 ddc |4 0 |6 B_LDV02GIDANCAR15 |7 0 |9 8569 |a MI |b MI |d 2012-02-06 |i 3600 |l 0 |o B-LDV02-GIDAN-CAR15 |p CDOM3600 |r 2025-07-17 21:50:00 |w 2025-07-17 |x DONO DEL COMUNE DI MILANO |y BK | ||
| 952 | |0 0 |1 0 |2 ddc |4 0 |6 B_LDV02GIDANCAR16 |7 0 |9 8570 |a MI |b MI |d 2012-02-06 |i 3601 |l 0 |o B-LDV02-GIDAN-CAR16 |p CDOM3601 |r 2025-07-17 21:50:00 |w 2025-07-17 |x DONO DEL COMUNE DI MILANO |y BK | ||
| 952 | |0 0 |1 0 |2 ddc |4 0 |6 LDV_02GIDANCAR17 |7 0 |9 8571 |a MI |b MI |d 2013-07-19 |i 3997 |l 0 |o LDV02-GIDAN-CAR17 |p CDOM3997 |r 2025-07-17 21:50:00 |w 2025-07-17 |x DONO DEL COMUNE DI MILANO |y BK | ||
| 952 | |0 0 |1 0 |4 0 |6 DOC_846_912000000000000_GID |7 0 |9 16977 |a BO |b BO |d 2026-01-15 |i 1789 |l 0 |o DOC 846.912 GID |p BO1789 |r 2026-01-15 23:19:30 |w 2026-01-15 |x [Sebina 5] [1 v.] |y BK |z 1 v. | ||
| 999 | |c 7133 |d 7133 | ||